Koeweit Trivia Quiz - Statistieken

Algemene statistieken
  • Deze quiz is 281 keer genomen
  • De gemiddelde score is 12 van 16
Antwoordstatistieken
Hint Antwoord % Correct
Aangrenzende landen Saoedi-Arabië
99%
Aangrenzende landen Irak
98%
Officiële taal Arabisch
97%
Hoofdstad Koeweit
96%
Belangrijkste exportproduct Olie
96%
Staatsreligie Islam
93%
Land waaruit Koeweit in 1960 onafhankelijk werd Verenigd Koninkrijk
84%
Vrouwen kregen het recht om dit te doen in 2005 Stemmen
80%
Golf die aan Koeweit grenst Perzische Golf
77%
Minstens 960.000 staatsburgers uit dit land leven in Koeweit India
76%
Dictator verantwoordelijk voor de invasie van Koeweit in 1990 Saddam Hoessein
67%
Valuta van Koeweit Koeweitse Dinar
62%
Titel van de Koeweitse monarch Emir
58%
Koeweit was het eerste land dat robotrijders in deze sport gebruikte {Kamelen}races
52%
Nationale vogel Valk
47%
'W'-woord dat verwijst naar een landvorm van een droge rivierbedding Wadi
45%
Geen overeenkomende quizzen gevonden
Scoreverdeling
Procent van Mensen met Elke Score
Percentiel versus Aantal Correcte Antwoorden
Uw Scoregeschiedenis
U heeft deze quiz nog niet genomen